[Event "CECLUB Segunda División"]
[Site "Linares"]
[Date "2017.08.09"]
[Round "2"]
[White "Alonso Moyano, Jonathan"]
[Black "Castillo Gallego, Sergio"]
[Result "1/2-1/2"]
[Board "3"]
[WhiteTitle "IM"]
[WhiteElo "2404"]
[WhiteCountry "ESP"]
[WhiteFideId "2216019"]
[WhiteEloChange "-2"]
[BlackElo "2247"]
[BlackCountry "ESP"]
[BlackFideId "2202034"]
[BlackEloChange "4"]

1. e4 {[%clk 1:30:57]} e5 {[%clk 1:26:12]} 2. Nf3 {[%clk 1:31:04]} Nc6 {[%clk
1:26:30]} 3. d4 {[%clk 1:31:25]} exd4 {[%clk 1:26:37]} 4. Nxd4 {[%clk 1:31:48]}
Bb4+ {[%clk 1:26:52]} 5. c3 {[%clk 1:30:21]} Bc5 {[%clk 1:27:15]} 6. Nxc6 {[%clk
1:29:31]} bxc6 {[%clk 1:27:36]} 7. Bd3 {[%clk 1:28:47]} Ne7 {[%clk 1:27:25]} 8.
O-O {[%clk 1:26:44]} O-O {[%clk 1:24:35]} 9. Nd2 {[%clk 1:18:44]} d6 {[%clk
1:22:00]} 10. b4 {[%clk 1:15:42]} Bb6 {[%clk 1:20:05]} 11. Nc4 {[%clk 1:16:05]}
Ng6 {[%clk 1:15:06]} 12. Nxb6 {[%clk 1:02:00]} axb6 {[%clk 1:11:42]} 13. f4
{[%clk 1:01:50]} f5 {[%clk 1:06:57]} 14. g3 {[%clk 0:56:19]} Ne7 {[%clk 1:01:40]}
15. Qc2 {[%clk 0:50:17]} fxe4 {[%clk 1:01:40]} 16. Bxe4 {[%clk 0:48:30]} Bf5
{[%clk 0:42:03]} 17. Bxf5 {[%clk 0:44:29]} Nxf5 {[%clk 0:41:32]} 18. g4 {[%clk
0:42:48]} Nh6 {[%clk 0:36:49]} 19. h3 {[%clk 0:42:38]} Qh4 {[%clk 0:25:43]} 20.
Qg2 {[%clk 0:40:23]} Rae8 {[%clk 0:25:35]} 21. Bd2 {[%clk 0:40:08]} d5 {[%clk
0:24:50]} 22. a4 {[%clk 0:33:40]} Nf7 {[%clk 0:16:09]} 23. Be1 {[%clk 0:16:03]}
Qf6 {[%clk 0:11:29]} 24. a5 {[%clk 0:14:12]} Nd6 {[%clk 0:10:59]} 25. axb6 {[%clk
0:09:31]} cxb6 {[%clk 0:11:23]} 26. Rf3 {[%clk 0:09:35]} Re4 {[%clk 0:07:43]} 27.
Bf2 {[%clk 0:06:15]} Rxf4 {[%clk 0:05:48]} 28. Rxf4 {[%clk 0:06:39]} Qxf4 {[%clk
0:06:14]} 29. Bxb6 {[%clk 0:06:57]} Nc4 {[%clk 0:05:07]} 30. Bf2 {[%clk 0:05:42]}
Nd2 {[%clk 0:03:27]} 31. Bc5 {[%clk 0:04:25]} Nf3+ {[%clk 0:03:08]} 32. Kh1
{[%clk 0:04:50]} Nh4 {[%clk 0:03:21]} 33. Qe2 {[%clk 0:05:15]} Qf3+ {[%clk
0:01:26]} 34. Qxf3 {[%clk 0:05:39]} Rxf3 {[%clk 0:01:47]} 35. Ra8+ {[%clk
0:03:27]} Kf7 {[%clk 0:02:16]} 36. Rf8+ {[%clk 0:02:14]} Kg6 {[%clk 0:01:59]} 37.
Rxf3 {[%clk 0:02:10]} Nxf3 {[%clk 0:02:24]} 38. Kg2 {[%clk 0:01:49]} Nd2 {[%clk
0:01:47]} 39. Bd4 {[%clk 0:01:24]} Kf7 {[%clk 0:01:57]} 40. h4 {[%clk 0:01:14]}
g6 {[%clk 0:02:15]} 41. Kg3 {[%clk 0:00:59]} h5 {[%clk 0:01:09]} 42. gxh5 {[%clk
0:01:17]} gxh5 {[%clk 0:01:33]} 43. Kf4 {[%clk 0:01:42]} Ne4 {[%clk 0:00:42]} 44.
Kf5 {[%clk 0:01:35]} Ng3+ {[%clk 0:00:47]} 45. Kf4 {[%clk 0:00:44]} Ne4 {[%clk
0:00:45]} 46. Ke5 {[%clk 0:00:57]} Ke7 {[%clk 0:00:47]} 47. Kf5 {[%clk 0:00:32]}
Kf7 {[%clk 0:01:14]} 48. Be5 {[%clk 0:00:46]} Nd2 {[%clk 0:01:07]} 49. Kf4 {[%clk
0:00:35]} Kg6 {[%clk 0:00:54]} 50. Bd4 {[%clk 0:00:49]} Nc4 {[%clk 0:01:02]} 51.
Bc5 {[%clk 0:00:44]} Kf6 {[%clk 0:01:19]} 52. Bd4+ {[%clk 0:01:00]} Kg6 {[%clk
0:01:44]} 53. Bh8 {[%clk 0:01:25]} Kh7 {[%clk 0:01:55]} 54. Bf6 {[%clk 0:01:17]}
Kg6 {[%clk 0:02:24]} 55. Be5 {[%clk 0:00:59]} Nd2 {[%clk 0:02:43]} 56. Bc7 {[%clk
0:00:39]} Kf6 {[%clk 0:02:18]} 57. Ke3 {[%clk 0:00:46]} Nc4+ {[%clk 0:02:03]} 58.
Kd4 {[%clk 0:01:02]} Ke6 {[%clk 0:02:10]} 59. Bf4 {[%clk 0:00:56]} Na3 {[%clk
0:01:10]} 60. Kc5 {[%clk 0:00:53]} Kd7 {[%clk 0:01:34]} 61. Bc1 {[%clk 0:00:39]}
Nb5 {[%clk 0:01:55]} 62. c4 {[%clk 0:00:38]} dxc4 {[%clk 0:02:20]} 63. Kxc4
{[%clk 0:01:05]} Nd6+ {[%clk 0:02:16]} 64. Kc5 {[%clk 0:01:23]} Nf5 {[%clk
0:01:51]} 65. Bg5 {[%clk 0:01:43]} Ng7 {[%clk 0:01:57]} 66. Bf6 {[%clk 0:01:25]}
Ne6+ {[%clk 0:02:14]} 67. Kc4 {[%clk 0:01:23]} Kd6 {[%clk 0:02:11]} 68. b5 {[%clk
0:01:02]} cxb5+ {[%clk 0:02:33]} 69. Kxb5 {[%clk 0:01:26]} 1/2-1/2

[Event "CECLUB Segunda División"]
[Site "Linares"]
[Date "2017.08.09"]
[Round "2"]
[White "Rodriguez Reinoso, Victoriano"]
[Black "Perez Manas, Benjamin"]
[Result "0-1"]
[Board "4"]
[WhiteTitle "FM"]
[WhiteElo "2235"]
[WhiteCountry "ESP"]
[WhiteFideId "2202425"]
[WhiteEloChange "-7"]
[BlackTitle "FM"]
[BlackElo "2333"]
[BlackCountry "ESP"]
[BlackFideId "22200169"]
[BlackEloChange "7"]

1. d4 {[%clk 1:30:42]} f5 {[%clk 1:30:06]} 2. Nf3 {[%clk 1:30:48]} Nf6 {[%clk
1:30:21]} 3. g3 {[%clk 1:30:42]} g6 {[%clk 1:30:39]} 4. Bg2 {[%clk 1:30:55]} Bg7
{[%clk 1:31:02]} 5. b3 {[%clk 1:30:44]} d6 {[%clk 1:31:09]} 6. Bb2 {[%clk
1:30:59]} O-O {[%clk 1:31:09]} 7. c4 {[%clk 1:31:00]} c6 {[%clk 1:30:20]} 8. O-O
{[%clk 1:29:58]} e5 {[%clk 1:25:09]} 9. dxe5 {[%clk 1:29:06]} Ng4 {[%clk
1:25:33]} 10. Nbd2 {[%clk 1:28:39]} Nxe5 {[%clk 1:25:30]} 11. Qc2 {[%clk
1:27:50]} Na6 {[%clk 1:18:12]} 12. Rad1 {[%clk 1:24:45]} Qe7 {[%clk 1:17:24]} 13.
a3 {[%clk 1:17:06]} Nc7 {[%clk 1:14:47]} 14. Nxe5 {[%clk 1:00:18]} dxe5 {[%clk
1:13:39]} 15. e4 {[%clk 0:59:27]} f4 {[%clk 1:12:56]} 16. c5 {[%clk 0:57:12]} Ne6
{[%clk 0:59:13]} 17. b4 {[%clk 0:57:13]} Ng5 {[%clk 0:59:21]} 18. Nc4 {[%clk
0:46:05]} f3 {[%clk 0:58:13]} 19. Bh1 {[%clk 0:46:28]} Nh3# {[%clk 0:58:38]} 0-1

[Event "CECLUB Segunda División"]
[Site "Linares"]
[Date "2017.08.09"]
[Round "2"]
[White "Castella Garcia, Fausto"]
[Black "Kurajica, Bojan"]
[Result "0-1"]
[Board "1"]
[WhiteTitle "FM"]
[WhiteElo "2308"]
[WhiteCountry "ESP"]
[WhiteFideId "3501922"]
[WhiteEloChange "-4"]
[BlackTitle "GM"]
[BlackElo "2525"]
[BlackCountry "BIH"]
[BlackFideId "14400057"]
[BlackEloChange "2"]

1. e4 {[%clk 1:31:00]} c5 {[%clk 1:30:00]} 2. Nf3 {[%clk 1:31:22]} Nc6 {[%clk
1:30:25]} 3. Bb5 {[%clk 1:31:36]} Qb6 {[%clk 1:30:38]} 4. Nc3 {[%clk 1:31:15]} e6
{[%clk 1:30:59]} 5. Bxc6 {[%clk 1:30:19]} bxc6 {[%clk 1:31:21]} 6. d3 {[%clk
1:30:38]} f6 {[%clk 1:31:38]} 7. O-O {[%clk 1:30:59]} d6 {[%clk 1:28:28]} 8. Nh4
{[%clk 1:26:26]} g6 {[%clk 1:28:20]} 9. f4 {[%clk 1:25:51]} Bg7 {[%clk 1:25:24]}
10. Be3 {[%clk 1:06:44]} Ne7 {[%clk 1:13:14]} 11. Rb1 {[%clk 0:57:26]} O-O {[%clk
1:13:15]} 12. b4 {[%clk 0:56:54]} Qa6 {[%clk 1:11:50]} 13. bxc5 {[%clk 0:55:44]}
d5 {[%clk 1:12:15]} 14. Nf3 {[%clk 0:54:07]} h6 {[%clk 1:07:39]} 15. Qd2 {[%clk
0:53:04]} Kh7 {[%clk 1:07:26]} 16. Ne2 {[%clk 0:45:42]} dxe4 {[%clk 0:56:25]} 17.
dxe4 {[%clk 0:45:29]} Qxa2 {[%clk 0:56:13]} 18. Qd6 {[%clk 0:26:05]} Qxc2 {[%clk
0:45:06]} 19. Ng3 {[%clk 0:19:14]} Re8 {[%clk 0:38:56]} 20. Nd4 {[%clk 0:16:38]}
Qd3 {[%clk 0:38:07]} 21. Rb3 {[%clk 0:16:00]} Qc4 {[%clk 0:35:44]} 22. Rc1 {[%clk
0:15:41]} Qa4 {[%clk 0:34:57]} 23. Rbb1 {[%clk 0:15:52]} Qa6 {[%clk 0:34:02]} 24.
Bf2 {[%clk 0:14:07]} e5 {[%clk 0:33:57]} 25. fxe5 {[%clk 0:13:53]} fxe5 {[%clk
0:34:22]} 26. Ra1 {[%clk 0:10:56]} Qb7 {[%clk 0:33:39]} 27. Rcb1 {[%clk 0:10:30]}
Qd7 {[%clk 0:33:58]} 28. Nf3 {[%clk 0:10:21]} Qe6 {[%clk 0:18:18]} 29. Ra3 {[%clk
0:08:49]} Ng8 {[%clk 0:17:55]} 30. h3 {[%clk 0:07:19]} Nf6 {[%clk 0:17:31]} 31.
Rba1 {[%clk 0:07:04]} a6 {[%clk 0:16:24]} 32. Rb1 {[%clk 0:07:09]} Qxd6 {[%clk
0:15:04]} 33. cxd6 {[%clk 0:07:34]} Bf8 {[%clk 0:15:21]} 34. Rd3 {[%clk 0:07:05]}
Re6 {[%clk 0:13:55]} 35. Rb6 {[%clk 0:06:14]} Bxd6 {[%clk 0:09:00]} 36. Rxc6
{[%clk 0:06:14]} Ne8 {[%clk 0:08:28]} 37. Bc5 {[%clk 0:05:14]} Bc7 {[%clk
0:08:27]} 38. Rxe6 {[%clk 0:05:12]} Bxe6 {[%clk 0:08:53]} 39. Ba3 {[%clk
0:05:01]} Rb8 {[%clk 0:08:49]} 40. Rc3 {[%clk 0:04:23]} a5 {[%clk 0:08:25]} 41.
Kh2 {[%clk 0:04:02]} a4 {[%clk 0:07:12]} 42. Rc6 {[%clk 0:04:18]} Rb6 {[%clk
0:06:05]} 43. Rxb6 {[%clk 0:04:08]} Bxb6 {[%clk 0:06:32]} 44. Nxe5 {[%clk
0:04:33]} Bc7 {[%clk 0:05:44]} 45. Nd3 {[%clk 0:04:20]} Bc4 {[%clk 0:05:53]} 46.
Nb2 {[%clk 0:03:26]} Bb5 {[%clk 0:05:41]} 47. Nd1 {[%clk 0:01:45]} Nf6 {[%clk
0:04:12]} 48. Nc3 {[%clk 0:02:10]} Bd3 {[%clk 0:03:00]} 49. Nd5 {[%clk 0:01:59]}
Nxd5 {[%clk 0:02:17]} 50. exd5 {[%clk 0:02:27]} Be5 {[%clk 0:02:41]} 51. h4
{[%clk 0:02:10]} Bf5 {[%clk 0:03:05]} 52. h5 {[%clk 0:01:06]} gxh5 {[%clk
0:03:11]} 53. Bb2 {[%clk 0:01:34]} Bc7 {[%clk 0:02:17]} 0-1

[Event "CECLUB Segunda División"]
[Site "Linares"]
[Date "2017.08.09"]
[Round "2"]
[White "Barlov, Dragan"]
[Black "Serarols Mabras, Bernat"]
[Result "0-1"]
[Board "2"]
[WhiteTitle "GM"]
[WhiteElo "2425"]
[WhiteCountry "SRB"]
[WhiteFideId "900214"]
[WhiteEloChange "-8"]
[BlackTitle "FM"]
[BlackElo "2218"]
[BlackCountry "ESP"]
[BlackFideId "2238276"]
[BlackEloChange "15"]

1. Nf3 {[%clk 1:30:16]} d5 {[%clk 1:30:30]} 2. d4 {[%clk 1:29:59]} Nf6 {[%clk
1:31:04]} 3. c4 {[%clk 1:30:11]} e6 {[%clk 1:31:25]} 4. Nc3 {[%clk 1:29:14]} Bb4
{[%clk 1:31:28]} 5. Qa4+ {[%clk 1:26:59]} Nc6 {[%clk 1:31:47]} 6. e3 {[%clk
1:26:55]} O-O {[%clk 1:31:34]} 7. Bd2 {[%clk 1:24:09]} a6 {[%clk 1:26:35]} 8. Qc2
{[%clk 1:18:09]} Re8 {[%clk 1:23:24]} 9. a3 {[%clk 1:12:43]} Bd6 {[%clk 1:21:28]}
10. Be2 {[%clk 1:01:36]} dxc4 {[%clk 1:14:25]} 11. Bxc4 {[%clk 1:00:53]} h6
{[%clk 1:08:33]} 12. h3 {[%clk 0:50:01]} e5 {[%clk 0:59:37]} 13. dxe5 {[%clk
0:40:37]} Nxe5 {[%clk 0:58:54]} 14. Be2 {[%clk 0:40:21]} b5 {[%clk 0:47:36]} 15.
Nxe5 {[%clk 0:33:33]} Bxe5 {[%clk 0:47:29]} 16. Bf3 {[%clk 0:32:17]} Rb8 {[%clk
0:47:43]} 17. Na2 {[%clk 0:13:03]} c5 {[%clk 0:31:35]} 18. Qxc5 {[%clk 0:10:19]}
Bxb2 {[%clk 0:31:56]} 19. Rd1 {[%clk 0:05:37]} Be6 {[%clk 0:19:33]} 20. Bc1
{[%clk 0:00:37]} Qa5+ {[%clk 0:19:51]} 21. Qb4 {[%clk 0:00:49]} Qxa3 {[%clk
0:13:32]} 22. Bxb2 {[%clk 0:00:40]} Qxa2 {[%clk 0:13:59]} 0-1

[Event "CECLUB Segunda División"]
[Site "Linares"]
[Date "2017.08.09"]
[Round "2"]
[White "Bas Mas, Miguel"]
[Black "Garcia Padron, Jose"]
[Result "1-0"]
[Board "3"]
[WhiteElo "2236"]
[WhiteCountry "ESP"]
[WhiteFideId "2237954"]
[WhiteEloChange "15"]
[BlackTitle "IM"]
[BlackElo "2432"]
[BlackCountry "ESP"]
[BlackFideId "2200120"]
[BlackEloChange "-8"]

1. e4 {[%clk 1:30:30]} e5 {[%clk 1:30:30]} 2. Nf3 {[%clk 1:30:30]} Nc6 {[%clk
1:30:30]} 3. Bb5 {[%clk 1:30:30]} a6 {[%clk 1:30:30]} 4. Ba4 {[%clk 1:30:30]} Nf6
{[%clk 1:30:30]} 5. O-O {[%clk 1:30:30]} Be7 {[%clk 1:30:30]} 6. Nc3 {[%clk
1:30:30]} b5 {[%clk 1:30:30]} 7. Bb3 {[%clk 1:30:30]} d6 {[%clk 1:30:30]} 8. a3
{[%clk 1:30:30]} Bg4 {[%clk 1:30:30]} 9. h3 {[%clk 1:30:30]} Bh5 {[%clk 1:30:30]}
10. Bd5 {[%clk 1:30:30]} Nxd5 {[%clk 1:30:30]} 11. Nxd5 {[%clk 1:30:30]} f5
{[%clk 1:30:30]} 12. exf5 {[%clk 1:30:30]} e4 {[%clk 1:30:30]} 13. g4 {[%clk
1:30:30]} exf3 {[%clk 1:30:30]} 14. gxh5 {[%clk 1:30:30]} Nd4 {[%clk 1:30:30]}
15. Re1 {[%clk 1:30:30]} c6 {[%clk 1:30:30]} 16. Rxe7+ {[%clk 1:30:30]} Kf8
{[%clk 1:30:30]} 17. Re4 {[%clk 1:30:30]} Ne2+ {[%clk 1:30:30]} 18. Kh2 {[%clk
1:30:30]} cxd5 {[%clk 1:30:30]} 19. Re3 {[%clk 1:30:30]} Nd4 {[%clk 1:30:30]} 20.
Rxf3 {[%clk 1:30:30]} Nxf3+ {[%clk 1:30:30]} 21. Qxf3 {[%clk 1:30:30]} Qe7 {[%clk
1:30:30]} 22. d3 {[%clk 1:30:30]} Qf7 {[%clk 1:30:30]} 23. Bf4 {[%clk 1:30:30]}
Rd8 {[%clk 1:30:30]} 24. Re1 {[%clk 1:30:30]} Kg8 {[%clk 1:30:30]} 25. Qg4 {[%clk
1:30:30]} h6 {[%clk 1:30:30]} 26. Qg6 {[%clk 1:30:30]} Rf8 {[%clk 1:30:30]} 27.
Bxd6 {[%clk 1:30:30]} Qxf5 {[%clk 1:30:30]} 28. Bxf8 {[%clk 1:30:30]} Qxf2+
{[%clk 1:30:30]} 29. Qg2 {[%clk 1:30:30]} 1-0

[Event "CECLUB Segunda División"]
[Site "Linares"]
[Date "2017.08.09"]
[Round "2"]
[White "Bellon Lopez, Juan Manuel"]
[Black "Minana Menor, Antonio"]
[Result "1/2-1/2"]
[Board "4"]
[WhiteTitle "GM"]
[WhiteElo "2319"]
[WhiteCountry "ESP"]
[WhiteFideId "2200031"]
[WhiteEloChange "-6"]
[BlackElo "2101"]
[BlackCountry "ESP"]
[BlackFideId "2218640"]
[BlackEloChange "6"]

1. d4 {[%clk 1:30:27]} e6 {[%clk 1:30:36]} 2. Nf3 {[%clk 1:30:35]} c5 {[%clk
1:30:27]} 3. e3 {[%clk 1:30:56]} d5 {[%clk 1:30:24]} 4. c3 {[%clk 1:30:19]} Nf6
{[%clk 1:29:36]} 5. Nbd2 {[%clk 1:30:25]} Nbd7 {[%clk 1:28:53]} 6. Qa4 {[%clk
1:20:45]} Bd6 {[%clk 1:22:25]} 7. Ne5 {[%clk 1:19:38]} O-O {[%clk 1:19:34]} 8. f4
{[%clk 1:20:04]} a6 {[%clk 1:12:17]} 9. Qc2 {[%clk 1:09:21]} Bxe5 {[%clk
0:57:02]} 10. fxe5 {[%clk 1:08:53]} Ng4 {[%clk 0:56:03]} 11. Nf3 {[%clk 1:08:37]}
f5 {[%clk 0:54:42]} 12. h3 {[%clk 1:05:23]} Nh6 {[%clk 0:54:25]} 13. c4 {[%clk
1:03:51]} dxc4 {[%clk 0:48:50]} 14. Bxc4 {[%clk 1:02:52]} Qe7 {[%clk 0:46:58]}
15. a4 {[%clk 0:58:49]} Nf7 {[%clk 0:44:06]} 16. g4 {[%clk 0:47:31]} b5 {[%clk
0:41:33]} 17. Be2 {[%clk 0:43:51]} Bb7 {[%clk 0:38:07]} 18. gxf5 {[%clk 0:38:46]}
exf5 {[%clk 0:35:32]} 19. axb5 {[%clk 0:33:07]} axb5 {[%clk 0:34:47]} 20. Rxa8
{[%clk 0:33:29]} Bxa8 {[%clk 0:34:22]} 21. Qb3 {[%clk 0:29:04]} Kh8 {[%clk
0:30:31]} 22. h4 {[%clk 0:25:02]} Nfxe5 {[%clk 0:27:04]} 23. dxe5 {[%clk
0:25:09]} Nxe5 {[%clk 0:27:02]} 24. Rh3 {[%clk 0:20:54]} c4 {[%clk 0:21:33]} 25.
Qc3 {[%clk 0:14:44]} Bxf3 {[%clk 0:18:08]} 26. Bxf3 {[%clk 0:14:59]} b4 {[%clk
0:16:39]} 27. Qc2 {[%clk 0:14:46]} b3 {[%clk 0:14:28]} 28. Qc3 {[%clk 0:14:34]}
Nxf3+ {[%clk 0:12:24]} 29. Rxf3 {[%clk 0:14:59]} Qxh4+ {[%clk 0:12:41]} 30. Ke2
{[%clk 0:13:56]} Qh2+ {[%clk 0:11:04]} 31. Rf2 {[%clk 0:13:31]} Qh5+ {[%clk
0:11:12]} 32. Ke1 {[%clk 0:12:56]} Qh1+ {[%clk 0:05:29]} 33. Rf1 {[%clk 0:12:16]}
Qh4+ {[%clk 0:05:48]} 34. Ke2 {[%clk 0:11:33]} Qh2+ {[%clk 0:05:17]} 35. Kd1
{[%clk 0:05:27]} Qh5+ {[%clk 0:02:35]} 36. Ke1 {[%clk 0:04:33]} Qh4+ {[%clk
0:01:53]} 37. Ke2 {[%clk 0:03:42]} Qh2+ {[%clk 0:01:08]} 38. Kd1 {[%clk 0:02:13]}
Qh5+ {[%clk 0:01:28]} 39. Ke1 {[%clk 0:02:36]} Qh4+ {[%clk 0:01:42]} 40. Rf2
{[%clk 0:02:41]} Qh1+ {[%clk 0:01:48]} 41. Rf1 {[%clk 0:02:46]} Qh4+ {[%clk
0:02:04]} 42. Ke2 {[%clk 0:01:38]} Qh2+ {[%clk 0:01:33]} 43. Rf2 {[%clk 0:01:29]}
Qh5+ {[%clk 0:01:57]} 44. Ke1 {[%clk 0:01:36]} Qh1+ {[%clk 0:02:03]} 45. Rf1
{[%clk 0:01:41]} Qg2 {[%clk 0:02:03]} 46. Bd2 {[%clk 0:01:41]} Rd8 {[%clk
0:02:03]} 47. Kd1 {[%clk 0:01:41]} Qg4+ {[%clk 0:02:03]} 48. Kc1 {[%clk 0:01:41]}
Ra8 {[%clk 0:02:03]} 1/2-1/2

[Event "CECLUB Segunda División"]
[Site "Linares"]
[Date "2017.08.09"]
[Round "2"]
[White "Dvirnyy, Danyyil"]
[Black "Garcia Moreno, Carlos"]
[Result "1-0"]
[Board "1"]
[WhiteTitle "GM"]
[WhiteElo "2558"]
[WhiteCountry "ITA"]
[WhiteFideId "817570"]
[WhiteEloChange "2"]
[BlackTitle "FM"]
[BlackElo "2311"]
[BlackCountry "ESP"]
[BlackFideId "2274159"]
[BlackEloChange "-4"]

1. d4 {[%clk 1:30:57]} Nf6 {[%clk 1:30:51]} 2. c4 {[%clk 1:31:21]} e6 {[%clk
1:30:58]} 3. Nf3 {[%clk 1:31:46]} b6 {[%clk 1:30:14]} 4. g3 {[%clk 1:32:12]} Bb7
{[%clk 1:30:02]} 5. Bg2 {[%clk 1:32:37]} Be7 {[%clk 1:29:56]} 6. Nc3 {[%clk
1:33:00]} Ne4 {[%clk 1:24:07]} 7. Bd2 {[%clk 1:33:24]} O-O {[%clk 1:17:13]} 8.
O-O {[%clk 1:31:41]} Qc8 {[%clk 1:06:17]} 9. Qc2 {[%clk 1:20:09]} Nxc3 {[%clk
1:02:06]} 10. Bxc3 {[%clk 1:19:36]} d5 {[%clk 0:44:59]} 11. cxd5 {[%clk 1:10:23]}
exd5 {[%clk 0:41:10]} 12. Ne5 {[%clk 1:09:06]} c5 {[%clk 0:36:57]} 13. Rad1
{[%clk 1:03:06]} Rd8 {[%clk 0:27:02]} 14. dxc5 {[%clk 0:59:01]} bxc5 {[%clk
0:21:15]} 15. Qb3 {[%clk 0:55:21]} Na6 {[%clk 0:12:28]} 16. Bxd5 {[%clk 0:47:28]}
Rxd5 {[%clk 0:08:45]} 17. Rxd5 {[%clk 0:47:51]} c4 {[%clk 0:08:08]} 18. Qd1
{[%clk 0:47:56]} Qe6 {[%clk 0:06:54]} 19. Rd2 {[%clk 0:43:08]} Nc5 {[%clk
0:06:37]} 20. f3 {[%clk 0:43:03]} h5 {[%clk 0:04:39]} 21. Nd7 {[%clk 0:40:18]} h4
{[%clk 0:00:53]} 22. gxh4 {[%clk 0:36:45]} Ne4 {[%clk 0:00:54]} 23. fxe4 {[%clk
0:35:49]} Qg4+ {[%clk 0:00:43]} 24. Kh1 {[%clk 0:36:07]} Bxe4+ {[%clk 0:00:59]}
25. Rf3 {[%clk 0:36:31]} f6 {[%clk 0:00:45]} 26. Rd4 {[%clk 0:34:57]} Re8 {[%clk
0:00:35]} 27. Qf1 {[%clk 0:29:22]} Bd8 {[%clk 0:00:40]} 28. Nc5 {[%clk 0:29:13]}
Bxf3+ {[%clk 0:01:02]} 29. Qxf3 {[%clk 0:27:17]} Qg6 {[%clk 0:01:28]} 30. Rg4
{[%clk 0:26:36]} Qh6 {[%clk 0:01:06]} 31. Qd5+ {[%clk 0:25:58]} Kh8 {[%clk
0:01:27]} 32. Ne6 {[%clk 0:20:34]} Bb6 {[%clk 0:01:36]} 33. Nf4 {[%clk 0:19:22]}
Rd8 {[%clk 0:01:29]} 34. Qh5 {[%clk 0:19:17]} 1-0

[Event "CECLUB Segunda División"]
[Site "Linares"]
[Date "2017.08.09"]
[Round "2"]
[White "Lopez Quevedo, Eduardo"]
[Black "Vega Gutierrez, Sabrina"]
[Result "1/2-1/2"]
[Board "2"]
[WhiteElo "2165"]
[WhiteCountry "ESP"]
[WhiteFideId "2277611"]
[WhiteEloChange "5"]
[BlackTitle "IM"]
[BlackElo "2369"]
[BlackCountry "ESP"]
[BlackFideId "2219026"]
[BlackEloChange "-5"]

1. e4 {[%clk 1:30:55]} c5 {[%clk 1:30:49]} 2. Nf3 {[%clk 1:30:55]} e6 {[%clk
1:31:05]} 3. d4 {[%clk 1:29:53]} cxd4 {[%clk 1:31:25]} 4. Nxd4 {[%clk 1:30:16]}
Nc6 {[%clk 1:31:49]} 5. Nc3 {[%clk 1:29:58]} a6 {[%clk 1:31:58]} 6. Nxc6 {[%clk
1:29:41]} bxc6 {[%clk 1:32:18]} 7. Bd3 {[%clk 1:29:06]} d5 {[%clk 1:32:37]} 8.
O-O {[%clk 1:28:38]} Qc7 {[%clk 1:32:12]} 9. Re1 {[%clk 1:26:42]} Bb7 {[%clk
1:31:53]} 10. e5 {[%clk 1:13:34]} g6 {[%clk 1:25:13]} 11. Na4 {[%clk 1:05:11]} c5
{[%clk 1:23:54]} 12. c3 {[%clk 0:55:08]} Bc6 {[%clk 1:02:38]} 13. Be3 {[%clk
0:49:44]} d4 {[%clk 0:55:12]} 14. cxd4 {[%clk 0:38:47]} cxd4 {[%clk 0:55:06]} 15.
Bxd4 {[%clk 0:36:22]} Qb7 {[%clk 0:51:08]} 16. Nc3 {[%clk 0:27:22]} Rd8 {[%clk
0:46:08]} 17. Be3 {[%clk 0:26:01]} Qxb2 {[%clk 0:19:18]} 18. Ne4 {[%clk 0:13:37]}
Qa3 {[%clk 0:10:41]} 19. Qc1 {[%clk 0:13:48]} Ba8 {[%clk 0:07:10]} 20. Qxa3
{[%clk 0:10:00]} Bxa3 {[%clk 0:07:37]} 21. Bc2 {[%clk 0:09:49]} Bxe4 {[%clk
0:03:31]} 22. Bxe4 {[%clk 0:10:15]} Ne7 {[%clk 0:03:57]} 23. Rab1 {[%clk
0:09:10]} Nd5 {[%clk 0:03:03]} 24. Bh6 {[%clk 0:07:09]} Bf8 {[%clk 0:02:40]} 25.
Bxd5 {[%clk 0:07:03]} Bxh6 {[%clk 0:02:40]} 26. Bc4 {[%clk 0:05:59]} a5 {[%clk
0:02:03]} 27. a4 {[%clk 0:03:31]} O-O {[%clk 0:02:18]} 28. Rbd1 {[%clk 0:03:25]}
Bd2 {[%clk 0:02:24]} 29. Re2 {[%clk 0:03:04]} Bc3 {[%clk 0:01:36]} 30. Rxd8
{[%clk 0:03:23]} Rxd8 {[%clk 0:02:03]} 31. g3 {[%clk 0:03:44]} Rd4 {[%clk
0:01:24]} 32. Bb5 {[%clk 0:03:44]} 1/2-1/2

[Event "CECLUB Segunda División"]
[Site "Linares"]
[Date "2017.08.09"]
[Round "2"]
[White "Bressac, Stephane"]
[Black "Moreno Valero, Ivan"]
[Result "1-0"]
[Board "3"]
[WhiteTitle "FM"]
[WhiteElo "2365"]
[WhiteCountry "FRA"]
[WhiteFideId "655945"]
[WhiteEloChange "6"]
[BlackElo "2204"]
[BlackCountry "ESP"]
[BlackFideId "22286349"]
[BlackEloChange "-6"]

1. e4 {[%clk 1:30:56]} c5 {[%clk 1:30:51]} 2. Nf3 {[%clk 1:31:21]} d6 {[%clk
1:31:15]} 3. Bb5+ {[%clk 1:31:09]} Bd7 {[%clk 1:31:01]} 4. Bxd7+ {[%clk 1:31:31]}
Qxd7 {[%clk 1:31:14]} 5. c4 {[%clk 1:31:56]} e5 {[%clk 1:29:10]} 6. Nc3 {[%clk
1:31:20]} Nc6 {[%clk 1:28:51]} 7. O-O {[%clk 1:31:01]} Nf6 {[%clk 1:27:50]} 8. d3
{[%clk 1:31:23]} g6 {[%clk 1:25:13]} 9. a3 {[%clk 1:27:27]} Bg7 {[%clk 1:22:08]}
10. b4 {[%clk 1:22:08]} cxb4 {[%clk 1:15:00]} 11. axb4 {[%clk 1:22:33]} Nxb4
{[%clk 1:14:55]} 12. Ba3 {[%clk 1:20:47]} Nc6 {[%clk 1:15:05]} 13. Nb5 {[%clk
1:20:14]} O-O {[%clk 1:11:40]} 14. Nxd6 {[%clk 1:11:59]} Rfd8 {[%clk 1:07:49]}
15. Qb3 {[%clk 1:07:42]} Bf8 {[%clk 1:03:12]} 16. c5 {[%clk 1:05:34]} Ne8 {[%clk
0:54:52]} 17. Nxe8 {[%clk 0:50:10]} Rxe8 {[%clk 0:55:09]} 18. Rfd1 {[%clk
0:49:16]} Rab8 {[%clk 0:53:10]} 19. Qa4 {[%clk 0:40:47]} Red8 {[%clk 0:47:28]}
20. Bb2 {[%clk 0:33:54]} Bxc5 {[%clk 0:42:19]} 21. Nxe5 {[%clk 0:32:34]} Nxe5
{[%clk 0:35:36]} 22. Bxe5 {[%clk 0:33:00]} Qxa4 {[%clk 0:35:48]} 23. Rxa4 {[%clk
0:33:29]} Rbc8 {[%clk 0:36:00]} 24. Ra2 {[%clk 0:26:48]} b5 {[%clk 0:32:45]} 25.
Kf1 {[%clk 0:26:53]} b4 {[%clk 0:30:03]} 26. Ke2 {[%clk 0:21:40]} Bb6 {[%clk
0:28:01]} 27. d4 {[%clk 0:19:38]} Rc4 {[%clk 0:24:26]} 28. f3 {[%clk 0:19:55]} a5
{[%clk 0:22:00]} 29. d5 {[%clk 0:19:11]} b3 {[%clk 0:21:09]} 30. Kd3 {[%clk
0:14:31]} Rc5 {[%clk 0:13:21]} 31. Ra4 {[%clk 0:11:44]} Rdc8 {[%clk 0:08:48]} 32.
Rb1 {[%clk 0:10:42]} Rc2 {[%clk 0:06:22]} 33. Rxb3 {[%clk 0:10:22]} Bd8 {[%clk
0:05:52]} 34. Rb2 {[%clk 0:07:31]} Rc1 {[%clk 0:05:24]} 35. Raa2 {[%clk 0:07:17]}
Ra8 {[%clk 0:04:38]} 36. Bc3 {[%clk 0:05:39]} Rd1+ {[%clk 0:04:18]} 37. Ke2
{[%clk 0:05:34]} Rh1 {[%clk 0:04:34]} 38. h3 {[%clk 0:05:01]} h5 {[%clk 0:03:25]}
39. Rb5 {[%clk 0:04:40]} a4 {[%clk 0:03:14]} 40. Rb4 {[%clk 0:04:15]} Rc8 {[%clk
0:02:45]} 41. Bd2 {[%clk 0:03:39]} Bh4 {[%clk 0:02:39]} 42. Rbxa4 {[%clk
0:03:07]} Rh2 {[%clk 0:02:42]} 43. Ra8 {[%clk 0:03:34]} Rxg2+ {[%clk 0:02:56]}
44. Kf1 {[%clk 0:02:13]} Rf2+ {[%clk 0:02:56]} 45. Kg1 {[%clk 0:02:39]} Rxa8
{[%clk 0:02:49]} 46. Rxa8+ {[%clk 0:03:06]} Kg7 {[%clk 0:03:02]} 47. Be1 {[%clk
0:03:00]} Rxf3 {[%clk 0:02:57]} 48. Bxh4 {[%clk 0:03:24]} Rf4 {[%clk 0:03:06]}
49. d6 {[%clk 0:03:38]} 1-0